Chemistry
Gardado en:
| Autor Principal: | |
|---|---|
| Formato: | Libro |
| Idioma: | Undetermined |
| Publicado: |
Cheltenham
Nelsonthornes
2001
|
| Các nhãn: |
Engadir etiqueta
Sen Etiquetas, Sexa o primeiro en etiquetar este rexistro!
|
| Thư viện lưu trữ: | Trung tâm Học liệu Trường Đại học Cần Thơ |
|---|
| LEADER | 00383nam a2200157Ia 4500 | ||
|---|---|---|---|
| 001 | CTU_65630 | ||
| 008 | 210402s9999 xx 000 0 und d | ||
| 020 | |b 380000 | ||
| 082 | |a 540 | ||
| 082 | |b R182 | ||
| 100 | |a Eileen Ramsden | ||
| 245 | 0 | |a Chemistry | |
| 260 | |a Cheltenham | ||
| 260 | |b Nelsonthornes | ||
| 260 | |c 2001 | ||
| 980 | |a Trung tâm Học liệu Trường Đại học Cần Thơ | ||